100 Biggest Cities in Minnesota with a Map - Statistics

General Stats
  • This quiz has been taken 41 times
  • The average score is 46 of 100
Answers on the Map
Answers color-coded by a green-red scale on the quiz's map according to % correct below.
 
Answer Stats
Population City % Correct
89,987 Bloomington
100%
429,954 Minneapolis
100%
311,527 St. Paul
100%
86,697 Duluth
93%
121,395 Rochester
93%
68,881 St. Cloud
89%
14,574 Bemidji
82%
44,488 Mankato
82%
63,599 Coon Rapids
79%
68,855 Eagan
79%
64,198 Eden Prairie
79%
70,253 Maple Grove
79%
44,505 Moorhead
75%
86,478 Brooklyn Park
71%
56,374 Apple Valley
68%
70,222 Blaine
68%
33,782 Brooklyn Center
68%
53,494 Edina
68%
81,026 Plymouth
68%
75,102 Woodbury
68%
14,395 Brainerd
64%
53,781 Minnetonka
64%
25,948 Winona
64%
64,317 Burnsville
61%
69,490 Lakeville
61%
20,615 West St. Paul
61%
26,174 Austin
57%
43,698 Shakopee
57%
35,801 Inver Grove Heights
54%
16,547 Red Wing
54%
20,759 South St. Paul
54%
50,010 St. Louis Park
54%
18,492 Albert Lea
50%
16,168 Buffalo
46%
22,154 Hastings
46%
16,214 Hibbing
46%
42,088 Maplewood
46%
32,465 Savage
46%
19,394 Stillwater
46%
14,335 Alexandria
43%
17,921 Anoka
43%
25,947 Chanhassen
43%
38,839 Cottage Grove
43%
24,453 Faribault
43%
19,079 Hopkins
43%
20,790 Northfield
43%
14,275 North Mankato
43%
36,994 Richfield
43%
36,254 Roseville
43%
25,835 Elk River
39%
22,552 Golden Valley
39%
11,126 Grand Rapids
39%
13,628 Marshall
39%
14,120 New Ulm
39%
12,364 North St. Paul
39%
27,810 Chaska
36%
12,568 Cloquet
36%
14,119 Fergus Falls
36%
29,590 Fridley
36%
10,221 Hermantown
36%
14,455 Monticello
36%
26,420 Owatonna
36%
27,617 Prior Lake
36%
27,646 Ramsey
36%
13,862 Sauk Rapids
36%
12,066 St. Peter
36%
24,883 White Bear Lake
36%
13,947 Worthington
36%
32,601 Andover
32%
21,973 Columbia Heights
32%
23,632 Farmington
32%
11,744 Mendota Heights
32%
21,986 New Hope
32%
21,015 Willmar
32%
23,330 Crystal
29%
10,487 Fairmont
29%
14,599 Hutchinson
29%
10,819 Little Canada
29%
23,454 New Brighton
29%
19,966 Otsego
29%
14,646 Robbinsdale
29%
25,650 Rosemount
29%
19,351 Sartell
29%
12,912 Vadnais Heights
29%
11,686 Big Lake
25%
20,611 Forest Lake
25%
15,766 Hugo
25%
13,295 Rogers
25%
13,033 Waconia
25%
23,919 Champlin
21%
21,399 Lino Lakes
21%
13,249 Mounds View
21%
28,303 Oakdale
21%
18,235 St. Michael
21%
10,546 Victoria
21%
16,464 Ham Lake
18%
26,921 Shoreview
18%
11,786 East Bethel
14%
11,335 Lake Elmo
14%
10,787 North Branch
14%
No matching quizzes found
Score Distribution
Percent of People with Each Score
Percentile by Number Answered
Your Score History
You have not taken this quiz